| 000 | 00951cam a22002654a 4500 | ||
|---|---|---|---|
| 999 |
_c531736 _d531736 |
||
| 001 | 12071196 | ||
| 005 | 20191024153439.0 | ||
| 008 | 000622s2001 enka b 001 0 eng | ||
| 010 | _a 00057239 | ||
| 020 | _a0750303565 (alk. paper) | ||
| 040 |
_aDLC _cDLC _dDLC |
||
| 042 | _apcc | ||
| 050 | 0 | 0 |
_aTA654 _b.W67 2001 |
| 082 | 0 | 0 |
_a624.17 _bWOR |
| 100 | 1 |
_aWorden, K. _924727 |
|
| 245 | 1 | 0 |
_aNonlinearity in structural dynamics : _bdetection, identification, and modelling / _cK. Worden and G.R. Tomlinson. |
| 260 |
_aBristol [England] ; _aPhiladelphia : _bInstitute of Physics, _cc2001. |
||
| 300 |
_axix, 659 p. : _bill. ; _c24 cm. |
||
| 504 | _aIncludes bibliographical references and index. | ||
| 650 | 0 |
_aStructural dynamics. _910008 |
|
| 650 | 0 |
_aNonlinear theories. _9655 |
|
| 700 | 1 |
_aTomlinson, Geoffrey R. _924728 |
|
| 856 | 4 | 2 |
_3Publisher description _uhttp://www.loc.gov/catdir/enhancements/fy0701/00057239-d.html |
| 942 |
_2ddc _cBK |
||